Giant Rooks - Alle Songs - Statistiken

Allgemein
  • Dieses Quiz wurde 136 mal gespielt
  • Das Durchschnittsergebnis liegt bei 37 aus 43
Antwortstatistiken
Album/Ep Song % Korrekt
New Estate New Estate
97%
ROOKERY/Wild Stare Wild Stare
97%
How Have You Been?/Spotify Singles Bedroom Exile
94%
How Have You Been? How Have You Been?
94%
How Have You Been? Morning Blue
94%
How Have You Been? Pink Skies
94%
ROOKERY All We Are
91%
How Have You Been? Cold Wars
91%
How Have You Been? Fight Club
91%
How Have You Been? For You
91%
New Estate Mia & Keira (Days to Come)
91%
ROOKERY Misinterpretations
91%
ROOKERY Rainfalls
91%
How Have You Been? Under Your Wings
91%
ROOKERY Watershed
91%
ROOKERY What I Know Is All Quicksand
91%
New Estate Bright Lies
89%
Wild Stare Cara Declares War
89%
How Have You Been? Flashlights
89%
ROOKERY Head by Head
89%
ROOKERY Heat Up
89%
ROOKERY Silence
89%
How Have You Been? Somebody Like You
89%
ROOKERY The Birth of Worlds
89%
How Have You Been? Brave New World
86%
Spotify Singles Bubble Gum
86%
How Have You Been? Love Is A Selfish Thing
86%
The Times Are Bursting The Lines Småland
86%
- Tom‘s Diner
86%
Wild Stare 100 mg
83%
New Estate Chapels
83%
How Have You Been? Fake Happiness
83%
ROOKERY Into Your Arms
83%
How Have You Been? Nobody Likes Hospitals
83%
New Estate Slow
83%
ROOKERY Very Soon You‘ll See
80%
Wild Stare Went Right Down
80%
- All Good Things (Come To An End)
77%
Wild Stare King Thinking
77%
- Mind Control
74%
- Insomnia
71%
The Times Are Bursting The Lines Itchy Feet
71%
The Times Are Bursting the Lines Rituals
66%
Keine übereinstimmenden Quizze gefunden
Verteilung der Resultate
Anzahl Personen mit jedem Resultat
Perzentil nach korrekt beantworteten Fragen
Ihre Resultats-Entwicklung
Sie haben dieses Quiz noch nicht gespielt